Normal view
MARC view
Entry Personal Name
001 - CONTROL NUMBER
- control field: 9182
003 - CONTROL NUMBER IDENTIFIER
- control field: dpl
005 - DATE AND TIME OF LATEST TRANSACTION
- control field: 20100809121134.0
008 - FIXED-LENGTH DATA ELEMENTS
- fixed length control field: 100809|||a|||||| | ||| d
040 ## - CATALOGING SOURCE
- Original cataloging agency: dpl
- Transcribing agency: dpl
100 ## - HEADING--PERSONAL NAME
- Personal name: Eshwari, M.
670 ## - SOURCE DATA FOUND
- Source citation: Work cat.: (dpl): Eshwari, M., The hairy ape :, 2008
670 ## - SOURCE DATA FOUND
- Source citation: Work cat.: (dpl): Eshwari, M., The hairy ape :, 2008
